000 01885nam a2200325 i 4500
001 000020978
003 DO-SdBPM
005 20250821132542.0
007 ta
008 100825s1983 dr ac r 001 0 spa d
040 _aDO-SdBPM
_bspa
_cBPMSU
_erda
_d
082 4 _a972.93
_bC334d 1983
_222
100 1 _aCasado Soler, Ramón Rafael,
_eautor
245 1 0 _aDominicana el país del amor eterno :
_btestamento universal de un pueblo en la historia de su nombre /
_cRamón Rafael Casado Soler.
246 1 4 _aDominicana el país del amor eterno
260 _a
_b
_c
264 _aSanto Domingo :
_bEditora Taller,
_c1983.
300 _a410 páginas :
_bilustraciones ;
_c23 cm.
336 _2rdacontent
_atexto
_btxt
337 _2rdamedia
_asin mediación
_bn
338 _2rdacarrier
_avolumen
_bnc
500 _aIncluye referencias bibliográficas y notas al pie de las páginas.
505 0 _aDoctrina de la insularidad ecuménica, 7.-- Homenaje, 11.-- A Juan Pablo Duarte y Diez, 12.-- Advocación social infinita, 15.-- Salmo de la voz, 17.-- El Jazmín trinitario, 19.-- Introducción : signos de una nueva conciencia, 23.-- PRIMERA PARTE : CAMINO COLONIAL / CAPÍTULO I : El origen colonial, 31.-- CAPÍTULO II : El renuevo nacional, 55.-- SEGUNDA PARTE : ENTRELAZAMIENTO UNIVERSAL DE LA CIVILIZACIÓN / CAPÍTULO I : En lo autónomo : La nación, 101.-- CAPÍTULO II : En dominicana : la patria, 113.-- TERCERA PARTE : DOMINICANA : FUNDAMENTACION COSMICA DE LA MESOANTILLA / CAPÍTULO I : El nombre es el hombre, 121.-- CAPÍTULO II : La civilización planetaria, 167.-- APENDICES, 257.
590 _aInventariado, 2025/VM
651 7 _aRepública Dominicana
_xHistoria
651 7 _aRepública Dominicana
_xCaracterísticas nacionales
651 7 _aRepública Dominicana
_xVida social y costumbres
910 _aVMateo V. Control de calidad BPMSU
942 _2ddc
_cBK
999 _c15346
_d15346